Mémoires d´ outre-tombe

Gorde:
Xehetasun bibliografikoak
Egile nagusia: Chateaubriand
Formatua: Liburua
Hizkuntza:Undetermined
Argitaratua: Francia Librairie Générale Francaise 1973
Gaiak:
Etiketak: Etiketa erantsi
Etiketarik gabe, Izan zaitez lehena erregistro honi etiketa jartzen!

MARC

LEADER 00000nam a2200000Ia 4500
008 170316s9999 xx 000 0 und d
040 |a cru BVZT 
090 |a 840 CH-2m 
100 |a Chateaubriand 
245 |a Mémoires d´ outre-tombe 
260 |a Francia 
260 |b Librairie Générale Francaise 
260 |c 1973 
300 |a 1849 páginas 
650 |a LITERATURA FRANCESA 
999 |c 7623  |d 7623 
942 |c 15 D  |h 840 CH-2m  |2 z